O castelo da intriga (Record no. 184029)

MARC details
000 -LÍDER
campo de controle de tamanho fixo 00384 a2200169 4500
001 - NÚMERO DE CONTROLE
campo de controle 184029
020 ## - ISBN - INTERNATIONAL STANDARD BOOK NUMBER
ISBN - International Standard Book Number 978 85 2622998-3
040 ## - FONTE DA CATALOGAÇÃO
Instituição que transcreveu o registro Magnum
100 ## - ENTRADA PRINCIPAL--NOME PESSOAL
Nome pessoal Caruso, Aristides
240 10 - TÍTULO UNIFORME
Título uniforme O castelo da intriga
Idioma da obra por
245 10 - TÍTULO
Título O castelo da intriga
300 ## - DESCRIÇÃO FÍSICA
Extensão 48
362 0# - DATAS DE PUBLICAÇÃO E/OU DESIGNAÇÃO SEQUENCIAL
Datas de publicação e/ou designação sequencial 2009
440 #1 - DECLARAÇÃO DE SÉRIE/ENTRADA ADICIONADA--TÍTULO
Título Scipione
697 ## - ENTRADA DE ASSUNTO LOCAL--ENTIDADE COLETIVA (RLIN)
Nome corporativo ou nome da jurisdição LITERATURA INFANTO-JUVENIL ESTRANGEIRA
942 ## - ELEMENTOS DE ENTRADA ADICIONADOS (KOHA)
Tipo de material Koha Livros
Holdings
Situação do descarte Situação das perdas Situação física Não pode ser emprestado Biblioteca de origem Biblioteca atual Data de aquisição Total de empréstimos Número de chamada completo Código de barras Data de último acesso Data do preço efetivo Tipo de material Koha
        Magnum Magnum 08/06/2024   1.890.4.3 MAG00041270 08/06/2024 08/06/2024 Livros
        Magnum Magnum 08/06/2024   869.1.1685 MAG00075639 08/06/2024 08/06/2024 Livros
        Magnum Magnum 08/06/2024   869.0.1382 MAG00075695 08/06/2024 08/06/2024 Livros
        Magnum Magnum 08/06/2024   869.1.1725 MAG00076056 08/06/2024 08/06/2024 Livros
        Magnum Magnum 08/06/2024   869.1.1732 MAG00076073 08/06/2024 08/06/2024 Livros
        Magnum Magnum 08/06/2024   869.1.1.6 MAG00076137 08/06/2024 08/06/2024 Livros
        Magnum Magnum 08/06/2024   869.3.523 MAG00076425 08/06/2024 08/06/2024 Livros